| 000 | 00673nam a22002057a 4500 | ||
|---|---|---|---|
| 999 |
_c19412 _d19412 |
||
| 003 | AR-CdUCM | ||
| 008 | 190328b ||||| |||| 00| 0 spa d | ||
| 040 |
_aMUNICIPALIDAD PROVINCIAL DEL CUSCO _cBIBLIOTECA MUNICIPAL DEL CUSCO |
||
| 082 |
_a869. 624 / _bS18 |
||
| 100 |
_aSalvador, Humberto _925694 |
||
| 245 |
_aLos trabajadores : _bRecuerdos de un muchacho desvalido / |
||
| 260 |
_aChile : _bErcilla, _c1935. |
||
| 300 |
_a191 páginas ; _c25 cm. |
||
| 440 |
_aBiblioteca América _926230 |
||
| 500 | _aContiene dedicatoria a Luis Nieto del mismo autor. | ||
| 505 | _aContenido : Novela. | ||
| 650 |
_aNovela Literaria _925695 |
||
| 942 |
_2ddc _cLIBROS |
||
| 945 | _arcc | ||